Jimat belanja bercuti ke Langkawi (Record no. 94895)

MARC details
000 -LEADER
fixed length control field 00643nam a2200229 i 4500
001 - CONTROL NUMBER
control field C2-0289472
003 - CONTROL NUMBER IDENTIFIER
control field PPAK
005 - DATE AND TIME OF LATEST TRANSACTION
control field 20180728022245.0
008 - FIXED-LENGTH DATA ELEMENTS--GENERAL INFORMATION
fixed length control field 080819s xx |||| ||||| | may d
040 ## - CATALOGING SOURCE
Original cataloging agency PPAK
Language of cataloging eng
Transcribing agency PPAK
Description conventions rda
082 04 - DEWEY DECIMAL CLASSIFICATION NUMBER
Classification number 915.95
Edition number 23
090 00 - LOCALLY ASSIGNED LC-TYPE CALL NUMBER (OCLC); LOCAL CALL NUMBER (RLIN)
Classification number (OCLC) (R) ; Classification number, CALL (RLIN) (NR) 915.95
Feature heading MEO
Feature heading KK
100 0# - MAIN ENTRY--PERSONAL NAME
Personal name Meor Mohd Khairi Idris,
Relator term author
245 10 - TITLE STATEMENT
Title Jimat belanja bercuti ke Langkawi
300 ## - PHYSICAL DESCRIPTION
Extent [6 pages] ;
Dimensions 30 cm
336 ## - CONTENT TYPE
Source rdacontent
Content type term text
337 ## - MEDIA TYPE
Source rdamedia
Media type term unmediated
338 ## - CARRIER TYPE
Source rdacarrier
Carrier type term volume
500 ## - GENERAL NOTE
General note Petikan dari majalah Libur Disember 2007
650 10 - SUBJECT ADDED ENTRY--TOPICAL TERM
Topical term or geographic name entry element Malaysia - Description and travel.
942 ## - ADDED ENTRY ELEMENTS (KOHA)
-- dc
Koha item type Book
Holdings
Withdrawn Not for loan Current library Shelving location Date acquired Full call number Barcode Date last seen Koha item type Public note
  Not For Loan Perpustakaan Alor Setar Koleksi Kedah 19/08/2008 KK 915.95 MEO A00159866 09/05/2018 Book Artikel Pilihan
  Not For Loan Perpustakaan Alor Setar Koleksi Kedah 19/08/2008 KK 915.95 MEO A00159865 09/05/2018 Book Artikel Pilihan